Sports Quiz

Random Sports or NBA Quiz

Triple-Doubles 2016 Quiz Stats

Quiz not verified by Sporcle

Challenge
Share
Tweet
Embed
Score 0/12 Timer 10:00
0 Plays Today
Number of Triple-Doubles Player Name % Correct
18Russell Westbrook
100%
3LeBron James
100%
13Draymond Green
99.1%
3James Harden
98.2%
2Stephen Curry
97.3%
4John Wall
94.5%
2Jimmy Butler
92.7%
3Hassan Whiteside
90.9%
6Rajon Rondo
88.2%
2Pau Gasol
86.4%
2Nicolas Batum
80%
5Giannis Antetokounmpo
74.5%

You're not logged in!

Compare scores with friends on all Sporcle quizzes.
Sign Up with Email
OR
Log In

You Might Also Like...

Show Comments

Extras

Top Quizzes Today


Score Distribution

Your Account Isn't Verified!

In order to create a playlist on Sporcle, you need to verify the email address you used during registration. Go to your Sporcle Settings to finish the process.